| LEADER | 00831nam a2200181 i 4500 | ||
|---|---|---|---|
| 003 | GR-PaULI | ||
| 005 | 20231114130609.0 | ||
| 008 | 231114s2001 |||||||| |||| 00| 0 eng d | ||
| 020 | |a 960041890Χ | ||
| 040 | |a GR-PaULI |b gre |c GR-PaULI |e AACR2 | ||
| 082 | 0 | 4 | |2 23 |a 889.334 |
| 100 | |9 12540 |a Εξαρχοπούλου, Λίλυ |e συγγραφέας. | ||
| 245 | 1 | 0 | |a Παρών και αμέτοχος : |b μυθιστόρημα / |c Λίλυ Εξαρχοπούλου. |
| 300 | |a 248 σ. ; |c 21 εκ. | ||
| 942 | |2 ddc |c BK | ||
| 952 | |0 0 |1 0 |2 ddc |4 0 |6 889_334000000000000_ΕΞΑ |7 0 |9 375318 |a LISP |b LISP |c BSC |d 2023-11-14 |e ΚΟΤ |i 259020 |l 1 |m 1 |o 889.334 ΕΞΑ |p 025000296537 |r 2024-08-29 14:31:16 |s 2024-08-26 |t 1 |w 2023-11-14 |y BK |z Δωρεά Ελισάβετ και Παναγιώτη Κοτζιά | ||
| 998 | |c ΣΑΤΛΑΝΗΣ |d 2023-11 | ||
| 999 | |c 218785 |d 218785 | ||